水滸傳

資料類型: Book 圖書   書目號:3765

Leader xxxxxxxxxx
001 __ PCLIS00003765
005 __ 20210717152111.0
010 0_ |b上冊 : 精裝|dNT$150
010 0_ |b下冊 : 精裝|dNT$150
100 __ |a19870509d1989    m  y0chiy09      e
101 0_ |achi
102 __ |atw
105 __ |aa   z   000ay
200 1_ |a水滸傳|f(明)施耐庵著
205 __ |a再版
210 __ |a臺北巿|c桂冠圖書|d1989
215 0_ |a2冊(949面)|d22公分
225 1_ |a中國古典文學名著
300 __ |a版權頁誤題(清)施耐庵著
300 __ |a本館最新館藏為1992年
300 __ |a語文--中國古典文學
700 _1 |s|a|b耐庵|4801 _0 |atw|b內湖高中|c20010622|gCCR
詳細館藏 1-2 筆 (共 2 筆)
索 書 號登 錄 號冊次號館別 / 館藏地流通類型狀態加入預約清單電子資源
857.4 / 8440 1004298 V14 圖書館 / 一樓普通區 可外借30天 在館   
857.4 / 8440 1006357 V.13 圖書館 / 一樓普通區 可外借30天 在館   

| 條列資料




目錄查詢 分類查詢 個人資料 圖書薦購 新書查詢 閉館日 排行榜 更多電子資源 Hami書城 線上資料庫 登出

From : 216.73.216.124

  本日流通累計至 05:07:53 借閱 : 0 次 續借 : 0 次 歸還 : 0 次 預約 : 0 次 電子資源 : 0 次


內湖高中圖書館  PCLIS 版本  26.5.0.12